01014 a2200181 45000010006000000050017000060080041000230030015000640400040000790800043001192450048001622640051002103000019002615050502002800410008007821000023007907000019008135424020260407155813.0260407a1951 arg spa dAR-UNSa-BCEJYS aAR-UNSa-BCEJYSbspacAR-UNSa-BCEJYS a314.12xTeorías sobre la población10aEnsayo sobre el principio de la población 1aMéxico :bFondo de Cultura Económicac1951 a619 p.c24 cm. a1. Sobre las limitaciones del desarrollo de la población en las partes menos civilizadas del mundo y en la antigüedad – 2. Sobre las limitaciones de la población en los diferentes estados de la Europa moderna – 3. De los diferentes sistemas o expedientes que se han prevalecido a la sociedad, en cuanto afectan a los males que provienen del principio de la población – 4. De las futuras probabilidades de suprimir o aliviar a los males que se derivan del principio de la población. aspa1 aMalthus, Thomas R.1 aOrtiz, Teodoro